Sports Quiz

Random Sports or Football Quiz
Score 0/123 Timer 10:00
0 Plays Today
Year Player % Correct
1972Reggie Jackson
99.4%
1973Reggie Jackson
99.4%
1974Reggie Jackson
99.4%
1972Catfish Hunter
96.1%
1973Catfish Hunter
96.1%
1974Catfish Hunter
96.1%
1972Vida Blue
95%
1973Vida Blue
95%
1974Vida Blue
95%
1972Joe Rudi
93.9%
1973Joe Rudi
93.9%
1974Joe Rudi
93.9%
1972Gene Tenace
92.7%
1973Gene Tenace
92.7%
1974Gene Tenace
92.7%
1972Rollie Fingers
92.2%
1973Rollie Fingers
92.2%
1974Rollie Fingers
92.2%
1972Sal Bando
89.9%
1972Bert Campaneris
89.9%
1973Sal Bando
89.9%
1974Sal Bando
89.9%
1973Bert Campaneris
89.9%
1974Bert Campaneris
89.9%
1972Ken Holtzman
81.6%
1973Ken Holtzman
81.6%
1974Ken Holtzman
81.6%
1974Jim Holt
81.6%
1972Dick Green
81%
1973Dick Green
81%
1974Dick Green
81%
1974Claudell Washington
79.9%
1974Herb Washington
79.9%
1972Blue Moon Odom
78.2%
1973Blue Moon Odom
78.2%
1974Blue Moon Odom
78.2%
1973Ray Fosse
77.7%
1974Ray Fosse
77.7%
1973Bill North
77.7%
1974Bill North
77.7%
1973Deron Johnson
77.7%
Year Player % Correct
1974Deron Johnson
77.7%
1972Mike Epstein
72.6%
1973Jesus Alou
68.7%
1974Jesus Alou
68.7%
1972Matty Alou
68.2%
1972Dave Duncan
66.5%
1973Mike Andrews
62.6%
1972Darold Knowles
59.8%
1973Darold Knowles
59.8%
1974Darold Knowles
59.8%
1973Paul Lindblad
54.7%
1974Paul Lindblad
54.7%
1972Don Mincher
54.2%
1973Glenn Abbott
51.4%
1974Glenn Abbott
51.4%
1972Angel Mangual
50.8%
1973Angel Mangual
50.8%
1974Angel Mangual
50.8%
1973Phil Garner
50.8%
1974Phil Garner
50.8%
1972George Hendrick
48%
1972Dal Maxvill
46.4%
1973Dal Maxvill
46.4%
1972Orlando Cepeda
45.8%
1972Larry Brown
44.7%
1972Dwain Anderson
44.1%
1972Ollie Brown
44.1%
1972Ted Kubiak
41.3%
1973Ted Kubiak
41.3%
1974Ted Kubiak
41.3%
1973Manny Trillo
40.8%
1974Manny Trillo
40.8%
1972Mike Hegan
40.2%
1973Mike Hegan
40.2%
1972Deigo Segui
38.5%
1972Gonzalo Marquez
38%
1973Gonzalo Marquez
38%
1972Marty Martinez
37.4%
1972Larry Haney
36.3%
1973Larry Haney
36.3%
1974Larry Haney
36.3%
Year Player % Correct
1973Billy Conigliaro
36.3%
1972Bob Locker
35.8%
1972Dave Hamilton
34.6%
1973Dave Hamilton
34.6%
1974Dave Hamilton
34.6%
1973Chuck Dobson
33.5%
1973Rico Carty
33.5%
1972Allan Lewis
33%
1973Allan Lewis
33%
1973Horatio Pina
32.4%
1972Denny McLain
31.8%
1974John Donaldson
31.3%
1972Tim Cullen
30.7%
1973Rich McKinney
30.7%
1974Rich McKinney
30.7%
1972Jim Roland
29.6%
1972Curt Blefary
29.1%
1973Vic Davalillo
29.1%
1972Brant Alyea
28.5%
1973Pat Bourque
28.5%
1974Pat Bourque
28.5%
1972Bobby Brooks
26.8%
1972Bill Voss
26.3%
1973Rob Gardner
26.3%
1972Ron Clark
25.7%
1974Bill Parsons
25.7%
1973Tim Hosley
25.1%
1974Tim Hosley
25.1%
1972Joe Horlen
24%
1972Gary Waslewski
24%
1973Jay Johnstone
24%
1974Gaylen Pitts
24%
1974Champ Summers
23.5%
1972Art Shamsky
22.9%
1972Mike Kilkenny
21.8%
1974Leon Hooten
21.8%
1972Adrian Garrett
21.2%
1974Vic Davilillo
21.2%
1972Bill McNulty
20.7%
1973Jose Morales
20.7%
1972Don Shaw
20.1%
Remove Ads.
Support Sporcle.
Get the best of Sporcle when you Go Orange. This ad-free experience offers more features, more stats, and more fun while also helping to support Sporcle. Thank you for becoming a member.

You're not logged in!

Compare scores with friends on all Sporcle quizzes.
OR
Log In

Show Comments

Extras

Created Nov 13, 2010ReportNominate
Tags:Football Quiz, Oakland, Player

Top Quizzes Today


Score Distribution

Your Account Isn't Verified!

In order to create a playlist on Sporcle, you need to verify the email address you used during registration. Go to your Sporcle Settings to finish the process.

Report this User

Report this user for behavior that violates our Community Guidelines.

Details: